Конвейер обработки данных научных публикаций для построения графа семантического сходства; Молодежь и современные информационные технологии

Detalhes bibliográficos
Parent link:Молодежь и современные информационные технологии.— 2024.— С. 126-128
Autor principal: Ушаков С. Н.
Resumo:В работе предлагается метод построения конвейера для обработки данных научных публикаций с целью возможности их аннотирования методами машинного обучения и построения семантических графов сходства
Текстовый файл
Idioma:russo
Publicado em: 2024
Colecção:Искусственный интеллект, машинное обучение и большие данные
Assuntos:
Acesso em linha:http://earchive.tpu.ru/handle/11683/84807
Formato: MixedMaterials Recurso Electrónico Capítulo de Livro
KOHA link:https://koha.lib.tpu.ru/cgi-bin/koha/opac-detail.pl?biblionumber=675333

MARC

LEADER 00000naa2a2200000 4500
001 675333
005 20250226112019.0
090 |a 675333 
100 |a 20241010d2024 k||y0rusy50 ca 
101 0 |a rus 
102 |a RU 
135 |a drbn ---uucaa 
200 1 |a Конвейер обработки данных научных публикаций для построения графа семантического сходства  |f Ушаков С. Н. 
225 1 |a Искусственный интеллект, машинное обучение и большие данные 
283 |2 RDAcarrier 
320 |a Список использованных источников: 4 назв 
330 |a В работе предлагается метод построения конвейера для обработки данных научных публикаций с целью возможности их аннотирования методами машинного обучения и построения семантических графов сходства 
336 |a Текстовый файл 
463 |0 674802  |9 674802  |c Томск  |d 2024  |n Изд-во ТПУ  |o сборник трудов XXI Международной научно-практической конференции студентов, аспирантов и молодых ученых, 15–18 апреля 2024 г., Томск  |t Молодежь и современные информационные технологии  |u conference_tpu-2024-C04.pdf  |v С. 126-128  |f ред. кол. А. С. Фадеев, Н. Г. Марков, В. Г. Спицын [и др.] 
610 1 |a электронный ресурс 
610 1 |a труды учёных ТПУ 
610 1 |a граф 
610 1 |a конвейер 
610 1 |a парсинг 
610 1 |a TF-IDF 
610 1 |a API 
700 1 |a Ушаков  |b С. Н. 
801 0 |a RU  |b 63413507  |c 20241010 
850 |a 63413507 
856 4 |u http://earchive.tpu.ru/handle/11683/84807  |z http://earchive.tpu.ru/handle/11683/84807 
942 |c CF